[Event "Campeonato España Sub 12"]
[Site "Salobreña"]
[Date "2017.07.15"]
[Round "9"]
[White "Garcia Molina, Jose"]
[Black "Gonzalez Manrique, Mario"]
[Result "1/2-1/2"]
[Board "19"]
[WhiteClock "1:30"]
[WhiteElo "1657"]
[WhiteCountry "ESP"]
[WhiteFideId "32030592"]
[WhiteEloChange "-5"]
[BlackClock "1:30"]
[BlackElo "1465"]
[BlackCountry "ESP"]
[BlackFideId "24509078"]
[BlackEloChange "5"]

1. d4 {[%clk 1:30:00]} Nf6 {[%clk 1:30:00]} 2. c4 {[%clk 1:31:00]} d6 {[%clk
1:30:00]} 3. Nc3 {[%clk 1:30:27]} Nbd7 {[%clk 1:30:00]} 4. Nf3 {[%clk 1:30:27]}
e5 {[%clk 1:31:00]} 5. e4 {[%clk 1:30:00]} Be7 {[%clk 1:30:29]} 6. Be2 {[%clk
1:30:00]} c6 {[%clk 1:30:00]} 7. O-O {[%clk 1:28:00]} O-O {[%clk 1:29:30]} 8. d5
{[%clk 1:25:00]} cxd5 {[%clk 1:29:30]} 9. cxd5 {[%clk 1:24:00]} Nc5 {[%clk
1:29:30]} 10. Qc2 {[%clk 1:23:29]} a5 {[%clk 1:29:01]} 11. Be3 {[%clk 1:23:29]}
b6 {[%clk 1:30:00]} 12. h3 {[%clk 1:20:00]} Bd7 {[%clk 1:29:00]} 13. Rfd1 {[%clk
1:15:00]} Rc8 {[%clk 1:29:00]} 14. Bxc5 {[%clk 1:13:30]} Rxc5 {[%clk 1:29:00]}
15. Qd2 {[%clk 1:09:00]} Re8 {[%clk 1:28:00]} 16. Rac1 {[%clk 1:07:00]} Bf8
{[%clk 1:25:00]} 17. a3 {[%clk 1:05:00]} Qb8 {[%clk 1:20:00]} 18. b4 {[%clk
1:06:00]} axb4 {[%clk 1:19:27]} 19. axb4 {[%clk 1:06:00]} Rc7 {[%clk 1:18:58]}
20. Qe3 {[%clk 1:01:00]} Ra7 {[%clk 1:17:00]} 21. Ra1 {[%clk 1:00:29]} Rc8 {[%clk
1:14:00]} 22. Nb5 {[%clk 0:58:00]} Bxb5 {[%clk 1:11:00]} 23. Bxb5 {[%clk
0:57:00]} Rcc7 {[%clk 1:10:00]} 24. Nd2 {[%clk 0:54:00]} Rxa1 {[%clk 1:03:00]}
25. Rxa1 {[%clk 0:55:00]} Qc8 {[%clk 1:01:00]} 26. Bc6 {[%clk 0:51:00]} Rxc6
{[%clk 1:00:00]} 27. dxc6 {[%clk 0:52:00]} Qxc6 {[%clk 1:01:00]} 28. Qd3 {[%clk
0:41:00]} h6 {[%clk 0:58:00]} 29. f3 {[%clk 0:42:00]} Nh5 {[%clk 0:57:28]} 30.
Qc4 {[%clk 0:38:00]} Qb7 {[%clk 0:56:56]} 31. Qa6 {[%clk 0:37:00]} Qc7 {[%clk
0:56:00]} 32. Qc4 {[%clk 0:36:00]} Qe7 {[%clk 0:55:00]} 33. Rb1 {[%clk 0:33:00]}
Qg5 {[%clk 0:53:38]} 34. Nf1 {[%clk 0:28:00]} Nf4 {[%clk 0:54:00]} 35. Qc2 {[%clk
0:25:00]} Nxh3+ {[%clk 0:53:00]} 36. Kh1 {[%clk 0:25:00]} Nf4 {[%clk 0:52:30]}
37. Qf2 {[%clk 0:25:00]} Qh5+ {[%clk 0:51:00]} 38. Nh2 {[%clk 0:23:00]} Qg6
{[%clk 0:50:00]} 39. g3 {[%clk 0:22:29]} Nh5 {[%clk 0:49:00]} 40. Ng4 {[%clk
0:22:29]} f5 {[%clk 0:48:31]} 41. exf5 {[%clk 0:21:00]} Qxf5 {[%clk 0:48:31]}
1/2-1/2

[Event "Campeonato España Sub 12"]
[Site "Salobreña"]
[Date "2017.07.15"]
[Round "9"]
[White "Sanchez Lopez, Jesus"]
[Black "Otero Campos, Cintia"]
[Result "1-0"]
[Board "20"]
[WhiteClock "1:30"]
[WhiteElo "1606"]
[WhiteCountry "ESP"]
[WhiteFideId "24500011"]
[WhiteEloChange "4"]
[BlackClock "1:30"]
[BlackElo "1387"]
[BlackCountry "ESP"]
[BlackFideId "24516775"]
[BlackEloChange "-4"]

1. e4 {[%clk 1:30:00]} c5 {[%clk 1:30:00]} 2. Nf3 {[%clk 1:31:00]} e6 {[%clk
1:29:27]} 3. d4 {[%clk 1:31:00]} cxd4 {[%clk 1:31:00]} 4. Nxd4 {[%clk 1:31:00]}
a6 {[%clk 1:31:00]} 5. Bd3 {[%clk 1:30:30]} Nf6 {[%clk 1:31:00]} 6. O-O {[%clk
1:30:00]} Qc7 {[%clk 1:30:30]} 7. Nc3 {[%clk 1:26:00]} Nc6 {[%clk 1:30:00]} 8.
Nxc6 {[%clk 1:24:31]} bxc6 {[%clk 1:29:00]} 9. Qf3 {[%clk 1:21:00]} d5 {[%clk
1:25:00]} 10. Re1 {[%clk 1:15:00]} d4 {[%clk 1:16:00]} 11. Ne2 {[%clk 1:08:00]}
e5 {[%clk 1:12:00]} 12. h3 {[%clk 1:01:00]} c5 {[%clk 1:08:00]} 13. Bc4 {[%clk
0:56:00]} Be7 {[%clk 1:02:00]} 14. Bd2 {[%clk 0:49:00]} Rb8 {[%clk 0:59:00]} 15.
b3 {[%clk 0:48:22]} Bb7 {[%clk 0:51:00]} 16. Ng3 {[%clk 0:47:00]} Bc8 {[%clk
0:39:00]} 17. Nf5 {[%clk 0:30:00]} Bxf5 {[%clk 0:36:00]} 18. Qxf5 {[%clk
0:30:00]} O-O {[%clk 0:34:00]} 19. g4 {[%clk 0:24:00]} Ra8 {[%clk 0:22:00]} 20.
Kh1 {[%clk 0:20:00]} Bd6 {[%clk 0:20:00]} 21. g5 {[%clk 0:19:54]} Ne8 {[%clk
0:11:29]} 22. g6 {[%clk 0:17:09]} hxg6 {[%clk 0:10:59]} 23. Qxg6 {[%clk 0:17:01]}
Qe7 {[%clk 0:10:20]} 24. Bg5 {[%clk 0:17:06]} Qd7 {[%clk 0:09:47]} 25. Kh2 {[%clk
0:15:40]} Be7 {[%clk 0:07:27]} 26. Rg1 {[%clk 0:12:26]} Bxg5 {[%clk 0:07:25]} 27.
Rxg5 {[%clk 0:12:33]} Qd6 {[%clk 0:07:15]} 28. Qxd6 {[%clk 0:09:04]} Nxd6 {[%clk
0:07:44]} 29. Rag1 {[%clk 0:08:52]} Nxc4 {[%clk 0:04:35]} 30. Rxg7+ {[%clk
0:09:07]} Kh8 {[%clk 0:05:04]} 31. bxc4 {[%clk 0:09:25]} Rab8 {[%clk 0:04:55]}
32. R7g4 {[%clk 0:09:25]} 1-0

[Event "Campeonato España Sub 12"]
[Site "Salobreña"]
[Date "2017.07.15"]
[Round "9"]
[White "Casares Bonals, Ainhoa"]
[Black "Moll Gener, Joan"]
[Result "1/2-1/2"]
[Board "21"]
[WhiteClock "n/a"]
[WhiteElo "1421"]
[WhiteCountry "ESP"]
[WhiteFideId "24561304"]
[WhiteEloChange "5"]
[BlackClock "n/a"]
[BlackElo "1593"]
[BlackCountry "ESP"]
[BlackFideId "24505960"]
[BlackEloChange "-5"]

1. e4 {[%clk 1:30:30]} c5 {[%clk 1:30:30]} 2. Nf3 {[%clk 1:30:30]} d6 {[%clk
1:30:30]} 3. d4 {[%clk 1:30:30]} cxd4 {[%clk 1:30:30]} 4. Nxd4 {[%clk 1:30:30]}
Nf6 {[%clk 1:30:30]} 5. Nc3 {[%clk 1:30:30]} a6 {[%clk 1:30:30]} 6. Be3 {[%clk
1:30:30]} e5 {[%clk 1:30:30]} 7. Nb3 {[%clk 1:30:30]} Be6 {[%clk 1:30:30]} 8. Qd2
{[%clk 1:16:30]} Be7 {[%clk 1:30:30]} 9. O-O-O {[%clk 1:16:30]} Nbd7 {[%clk
1:30:30]} 10. f4 {[%clk 1:16:30]} b5 {[%clk 1:30:30]} 11. f5 {[%clk 1:16:30]} Bc4
{[%clk 1:30:30]} 12. Bd3 {[%clk 1:11:06]} Ng4 {[%clk 1:26:58]} 13. Kb1 {[%clk
1:08:35]} Nxe3 {[%clk 1:26:29]} 14. Qxe3 {[%clk 1:08:06]} Nb6 {[%clk 1:23:58]}
15. g4 {[%clk 1:05:35]} O-O {[%clk 1:18:29]} 16. Rdg1 {[%clk 0:58:05]} f6 {[%clk
1:12:59]} 17. h4 {[%clk 0:50:35]} h6 {[%clk 1:12:59]} 18. g5 {[%clk 0:47:05]}
fxg5 {[%clk 1:12:29]} 19. Rg2 {[%clk 0:43:34]} Rb8 {[%clk 1:06:59]} 20. Rhg1
{[%clk 0:40:04]} Bxb3 {[%clk 1:06:30]} 21. cxb3 {[%clk 0:38:32]} Rb7 {[%clk
1:02:01]} 22. Nd5 {[%clk 0:31:02]} Nxd5 {[%clk 1:00:32]} 23. exd5 {[%clk
0:31:02]} Bf6 {[%clk 0:56:02]} 24. Be2 {[%clk 0:27:32]} Qb6 {[%clk 0:54:31]} 25.
Qh3 {[%clk 0:20:03]} Qd4 {[%clk 0:51:01]} 26. hxg5 {[%clk 0:16:33]} hxg5 {[%clk
0:48:31]} 27. Rd1 {[%clk 0:11:03]} Qh4 {[%clk 0:48:01]} 28. Qd3 {[%clk 0:10:33]}
Qd4 {[%clk 0:41:30]} 29. Qh3 {[%clk 0:10:04]} Qh4 {[%clk 0:39:00]} 30. Qd3 {[%clk
0:09:34]} Qd4 {[%clk 0:32:29]} 31. Qh3 {[%clk 0:09:04]} Qh4 {[%clk 0:27:00]} 32.
Qd3 {[%clk 0:09:04]} Qd4 {[%clk 0:27:00]} 33. Qh3 {[%clk 0:09:04]} 1/2-1/2

[Event "Campeonato España Sub 12"]
[Site "Salobreña"]
[Date "2017.07.15"]
[Round "9"]
[White "Garrido Diaz, Jose Antonio"]
[Black "Guardia Suarez, Hector"]
[Result "1-0"]
[Board "22"]
[WhiteClock "1:30"]
[WhiteElo "1571"]
[WhiteCountry "ESP"]
[WhiteFideId "24516252"]
[WhiteEloChange "4"]
[BlackClock "1:30"]
[BlackElo "1318"]
[BlackCountry "ESP"]
[BlackFideId "24541346"]
[BlackEloChange "-4"]

1. e4 {[%clk 1:30:00]} c5 {[%clk 1:30:00]} 2. Nc3 {[%clk 1:30:00]} e6 {[%clk
1:31:00]} 3. Nge2 {[%clk 1:30:00]} a6 {[%clk 1:31:00]} 4. a4 {[%clk 1:30:00]} Nc6
{[%clk 1:29:00]} 5. g3 {[%clk 1:30:00]} Nf6 {[%clk 1:28:00]} 6. Bg2 {[%clk
1:31:00]} Be7 {[%clk 1:28:00]} 7. O-O {[%clk 1:30:00]} O-O {[%clk 1:14:00]} 8. d3
{[%clk 1:29:00]} d5 {[%clk 1:27:00]} 9. exd5 {[%clk 1:29:00]} exd5 {[%clk
1:27:00]} 10. d4 {[%clk 1:29:00]} cxd4 {[%clk 1:24:00]} 11. Nxd4 {[%clk 1:28:00]}
Be6 {[%clk 1:21:00]} 12. Nxe6 {[%clk 1:27:00]} fxe6 {[%clk 1:18:21]} 13. Bh3
{[%clk 1:26:00]} e5 {[%clk 1:19:00]} 14. Be6+ {[%clk 1:25:00]} Kh8 {[%clk
1:18:00]} 15. Bxd5 {[%clk 1:22:00]} Nxd5 {[%clk 1:17:30]} 16. Qxd5 {[%clk
1:17:00]} Qxd5 {[%clk 1:17:00]} 17. Nxd5 {[%clk 1:16:00]} Bd6 {[%clk 1:13:00]}
18. Be3 {[%clk 1:15:00]} Rac8 {[%clk 1:10:00]} 19. Rad1 {[%clk 1:13:00]} Nb4
{[%clk 1:06:00]} 20. Nxb4 {[%clk 1:12:00]} Bxb4 {[%clk 1:05:00]} 21. c3 {[%clk
1:13:00]} Bc5 {[%clk 1:04:00]} 22. Bxc5 {[%clk 1:10:00]} Rxc5 {[%clk 1:03:30]}
23. f4 {[%clk 1:06:00]} Kg8 {[%clk 1:03:00]} 24. fxe5 {[%clk 1:04:00]} Rxe5
{[%clk 1:02:30]} 25. Rd7 {[%clk 1:03:00]} Rxf1+ {[%clk 1:02:00]} 26. Kxf1 {[%clk
1:03:00]} Ra5 {[%clk 1:01:31]} 27. Rxb7 {[%clk 1:02:30]} Rxa4 {[%clk 1:03:00]}
28. Kf2 {[%clk 1:02:00]} h6 {[%clk 1:02:00]} 29. Kf3 {[%clk 1:03:00]} Kh7 {[%clk
1:02:00]} 30. b4 {[%clk 0:59:00]} Ra3 {[%clk 1:01:30]} 31. Rc7 {[%clk 0:59:00]}
Kg6 {[%clk 1:01:30]} 32. Kg4 {[%clk 0:58:30]} Ra2 {[%clk 1:01:00]} 33. Ra7 {[%clk
0:58:00]} Ra3 {[%clk 1:00:00]} 34. Rc7 {[%clk 0:57:00]} Ra4 {[%clk 1:00:00]} 35.
Kh3 {[%clk 0:56:00]} Kf6 {[%clk 0:59:29]} 36. Rc5 {[%clk 0:56:00]} g6 {[%clk
0:52:00]} 37. Kg4 {[%clk 0:57:00]} Ra3 {[%clk 0:48:00]} 38. Kf4 {[%clk 0:57:00]}
Ra2 {[%clk 0:47:30]} 39. Ra5 {[%clk 0:55:00]} Rxh2 {[%clk 0:46:00]} 40. Rxa6+
{[%clk 0:56:00]} Kf7 {[%clk 0:45:30]} 41. b5 {[%clk 0:56:00]} Rb2 {[%clk
0:45:30]} 42. c4 {[%clk 0:55:00]} Ke7 {[%clk 0:45:00]} 43. Rxg6 {[%clk 0:54:30]}
Rb4 {[%clk 0:45:00]} 44. Rc6 {[%clk 0:56:00]} Kd7 {[%clk 0:44:30]} 45. Ke5 {[%clk
0:55:00]} Rb3 {[%clk 0:44:30]} 46. Rxh6 {[%clk 0:55:00]} Rxg3 {[%clk 0:44:30]}
47. Rh7+ {[%clk 0:54:29]} Kc8 {[%clk 0:47:00]} 48. Kd5 {[%clk 0:56:00]} Rg5+
{[%clk 0:46:00]} 49. Kc6 {[%clk 0:56:00]} Rg6+ {[%clk 0:46:00]} 50. Kc5 {[%clk
0:56:00]} Rg5+ {[%clk 0:46:00]} 51. Kb6 {[%clk 0:57:00]} Rg6+ {[%clk 0:47:00]}
52. Ka5 {[%clk 0:57:00]} Rg1 {[%clk 0:46:28]} 53. c5 {[%clk 0:57:00]} Ra1+ {[%clk
0:45:59]} 54. Kb6 {[%clk 0:57:00]} Re1 {[%clk 0:44:00]} 55. c6 {[%clk 0:56:29]}
Kd8 {[%clk 0:44:00]} 56. c7+ {[%clk 0:56:29]} Kc8 {[%clk 0:43:30]} 1-0

[Event "Campeonato España Sub 12"]
[Site "Salobreña"]
[Date "2017.07.15"]
[Round "9"]
[White "Abrisqueta Zudaire, Leyre"]
[Black "Gutierrez Lupion, Nuria"]
[Result "1-0"]
[Board "23"]
[WhiteClock "1:30"]
[WhiteElo "1605"]
[WhiteCountry "ESP"]
[WhiteFideId "32092253"]
[WhiteEloChange "3"]
[BlackClock "1:30"]
[BlackElo "1309"]
[BlackCountry "ESP"]
[BlackFideId "24516392"]
[BlackEloChange "-3"]

1. d4 {[%clk 1:30:00]} Nf6 {[%clk 1:30:00]} 2. Nf3 {[%clk 1:31:00]} g6 {[%clk
1:31:00]} 3. Nc3 {[%clk 1:31:00]} d5 {[%clk 1:29:00]} 4. Bg5 {[%clk 1:29:00]} Bg7
{[%clk 1:27:00]} 5. Bxf6 {[%clk 1:28:00]} Bxf6 {[%clk 1:28:00]} 6. e4 {[%clk
1:28:00]} dxe4 {[%clk 1:24:00]} 7. Nxe4 {[%clk 1:28:00]} Bg7 {[%clk 1:23:00]} 8.
Bc4 {[%clk 1:27:00]} b6 {[%clk 1:02:00]} 9. Qe2 {[%clk 1:25:00]} Bb7 {[%clk
0:46:00]} 10. O-O-O {[%clk 1:22:00]} O-O {[%clk 0:41:00]} 11. h4 {[%clk 1:22:00]}
h6 {[%clk 0:10:36]} 12. Ne5 {[%clk 1:15:00]} Bxe5 {[%clk 0:03:32]} 13. dxe5
{[%clk 1:15:00]} Qc8 {[%clk 0:02:59]} 14. g4 {[%clk 1:12:00]} Nd7 {[%clk
0:01:54]} 15. e6 {[%clk 1:11:30]} Ne5 {[%clk 0:01:42]} 16. exf7+ {[%clk 1:13:00]}
Nxf7 {[%clk 0:01:47]} 17. Rhe1 {[%clk 1:11:00]} Kg7 {[%clk 0:01:16]} 18. Ng3
{[%clk 1:11:00]} e5 {[%clk 0:01:08]} 19. h5 {[%clk 1:11:00]} g5 {[%clk 0:00:52]}
20. Nf5+ {[%clk 1:10:28]} Kf6 {[%clk 0:00:40]} 21. Bxf7 {[%clk 1:09:59]} Kxf7
{[%clk 0:00:45]} 22. Qxe5 {[%clk 1:09:59]} Rg8 {[%clk 0:00:06]} 23. Qe7# {[%clk
1:09:59]} 1-0

[Event "Campeonato España Sub 12"]
[Site "Salobreña"]
[Date "2017.07.15"]
[Round "9"]
[White "Mendoza Barcia, Pedro"]
[Black "Sanmartin Hernandez, Joan"]
[Result "1/2-1/2"]
[Board "24"]
[WhiteClock "1:30"]
[WhiteElo "1743"]
[WhiteCountry "ESP"]
[WhiteFideId "32055641"]
[WhiteEloChange "-7"]
[BlackClock "1:30"]
[BlackElo "1409"]
[BlackCountry "ESP"]
[BlackFideId "32082177"]
[BlackEloChange "7"]

1. e4 {[%clk 1:30:00]} c5 {[%clk 1:30:00]} 2. Nf3 {[%clk 1:31:00]} g6 {[%clk
1:31:00]} 3. d4 {[%clk 1:31:00]} cxd4 {[%clk 1:31:00]} 4. Nxd4 {[%clk 1:31:00]}
Nc6 {[%clk 1:30:00]} 5. c4 {[%clk 1:31:00]} Bg7 {[%clk 1:30:00]} 6. Be3 {[%clk
1:31:00]} Nf6 {[%clk 1:31:00]} 7. Nc3 {[%clk 1:32:00]} d6 {[%clk 1:31:00]} 8. Be2
{[%clk 1:31:00]} O-O {[%clk 1:30:00]} 9. O-O {[%clk 1:31:00]} Nxd4 {[%clk
1:30:00]} 10. Bxd4 {[%clk 1:32:00]} Bd7 {[%clk 1:30:00]} 11. f3 {[%clk 1:23:00]}
Bc6 {[%clk 1:28:00]} 12. Rc1 {[%clk 1:20:00]} Nd7 {[%clk 1:27:00]} 13. Bxg7
{[%clk 1:16:00]} Kxg7 {[%clk 1:28:00]} 14. b3 {[%clk 1:15:00]} a5 {[%clk
1:25:00]} 15. Qd2 {[%clk 1:11:00]} Nc5 {[%clk 1:21:00]} 16. Kh1 {[%clk 1:09:00]}
Kg8 {[%clk 1:14:00]} 17. Rb1 {[%clk 1:01:00]} Qc7 {[%clk 1:11:00]} 18. Nd5 {[%clk
0:58:00]} Qd8 {[%clk 1:09:00]} 19. Rfd1 {[%clk 0:58:00]} Rb8 {[%clk 1:05:00]} 20.
Qc3 {[%clk 0:42:00]} b5 {[%clk 0:59:00]} 21. cxb5 {[%clk 0:41:00]} Bxb5 {[%clk
0:58:00]} 22. Bxb5 {[%clk 0:41:00]} Rxb5 {[%clk 0:59:00]} 23. Qc4 {[%clk
0:40:00]} Rb8 {[%clk 0:57:00]} 24. Rbc1 {[%clk 0:31:00]} Qd7 {[%clk 0:55:00]} 25.
Qd4 {[%clk 0:27:00]} Rfc8 {[%clk 0:50:00]} 26. Rc4 {[%clk 0:20:00]} Qd8 {[%clk
0:45:00]} 27. Rdc1 {[%clk 0:19:51]} Ra8 {[%clk 0:33:00]} 28. Ne3 {[%clk 0:18:48]}
Ne6 {[%clk 0:32:00]} 29. Qb2 {[%clk 0:18:40]} h5 {[%clk 0:31:00]} 30. Nd5 {[%clk
0:18:30]} Nc5 {[%clk 0:30:30]} 31. Qd2 {[%clk 0:18:04]} Kh7 {[%clk 0:28:00]} 32.
Nf4 {[%clk 0:14:42]} a4 {[%clk 0:27:00]} 33. bxa4 {[%clk 0:12:21]} Rxa4 {[%clk
0:27:00]} 34. Rxa4 {[%clk 0:12:33]} Nxa4 {[%clk 0:27:00]} 35. Nd5 {[%clk
0:11:01]} Ra8 {[%clk 0:28:00]} 36. h3 {[%clk 0:10:21]} Nc5 {[%clk 0:27:30]} 37.
Rb1 {[%clk 0:08:52]} Ra7 {[%clk 0:27:00]} 38. Rb2 {[%clk 0:06:47]} Qa8 {[%clk
0:26:00]} 39. Kh2 {[%clk 0:06:45]} Kg7 {[%clk 0:26:00]} 40. Qd4+ {[%clk 0:06:57]}
Kh7 {[%clk 0:26:00]} 41. Qc4 {[%clk 0:06:47]} Ra4 {[%clk 0:25:29]} 42. Qc2 {[%clk
0:06:41]} Qa7 {[%clk 0:25:29]} 43. Qd2 {[%clk 0:05:57]} Ne6 {[%clk 0:25:29]} 44.
Qc2 {[%clk 0:05:26]} Ra3 {[%clk 0:25:00]} 45. Qb1 {[%clk 0:04:43]} Nc5 {[%clk
0:24:30]} 46. Nf4 {[%clk 0:04:13]} 1/2-1/2

[Event "Campeonato España Sub 12"]
[Site "Salobreña"]]
[Date "2017.07.15"]
[Round "9"]
[White "Canadas Martin, Borja"]
[Black "Llamas Martinez, Pablo"]
[Result "1/2-1/2"]
[Board "25"]
[WhiteClock "1:30"]
[WhiteElo "1667"]
[WhiteCountry "ESP"]
[WhiteFideId "24538396"]
[WhiteEloChange "-5"]
[BlackClock "1:30"]
[BlackElo "1453"]
[BlackCountry "ESP"]
[BlackFideId "24544582"]
[BlackEloChange "5"]

1. Nf3 {[%clk 1:30:00]} d5 {[%clk 1:30:00]} 2. g3 {[%clk 1:31:00]} Nf6 {[%clk
1:30:00]} 3. Bg2 {[%clk 1:31:00]} Nc6 {[%clk 1:30:00]} 4. O-O {[%clk 1:31:00]} e5
{[%clk 1:30:00]} 5. d3 {[%clk 1:31:00]} Bd6 {[%clk 1:30:00]} 6. Nbd2 {[%clk
1:32:00]} Be6 {[%clk 1:29:00]} 7. h3 {[%clk 1:31:00]} h6 {[%clk 1:28:00]} 8. e4
{[%clk 1:30:00]} dxe4 {[%clk 1:22:00]} 9. dxe4 {[%clk 1:30:00]} Qd7 {[%clk
1:21:00]} 10. Kh2 {[%clk 1:30:00]} O-O-O {[%clk 1:18:00]} 11. c3 {[%clk 1:30:00]}
g5 {[%clk 1:16:00]} 12. Ne1 {[%clk 1:27:00]} h5 {[%clk 1:09:00]} 13. Qe2 {[%clk
1:22:00]} Rdg8 {[%clk 1:04:00]} 14. b4 {[%clk 1:12:00]} Ne8 {[%clk 0:56:00]} 15.
a4 {[%clk 1:10:00]} f5 {[%clk 0:55:00]} 16. exf5 {[%clk 1:09:30]} Bxf5 {[%clk
0:55:00]} 17. Ne4 {[%clk 1:09:30]} Bxe4 {[%clk 0:51:00]} 18. Bxe4 {[%clk
1:09:00]} Nf6 {[%clk 0:50:30]} 19. a5 {[%clk 1:07:00]} Nxe4 {[%clk 0:49:00]} 20.
Qxe4 {[%clk 1:06:00]} g4 {[%clk 0:43:00]} 21. h4 {[%clk 1:05:30]} Rf8 {[%clk
0:41:00]} 22. Be3 {[%clk 1:03:00]} a6 {[%clk 0:34:00]} 23. Nd3 {[%clk 1:02:00]}
Qf5 {[%clk 0:32:00]} 24. Qxf5+ {[%clk 1:01:00]} Rxf5 {[%clk 0:32:00]} 25. Nc5
{[%clk 0:58:00]} Rhf8 {[%clk 0:31:00]} 26. Rad1 {[%clk 0:57:00]} Re8 {[%clk
0:26:00]} 27. Kg2 {[%clk 0:56:00]} e4 {[%clk 0:25:00]} 28. Rd2 {[%clk 0:55:00]}
Bxc5 {[%clk 0:24:00]} 29. Bxc5 {[%clk 0:55:00]} Ne5 {[%clk 0:23:30]} 30. Rfd1
{[%clk 0:54:00]} Nd3 {[%clk 0:23:30]} 31. Be3 {[%clk 0:53:30]} 1/2-1/2